00707nam a2200253Ia 450000500170000000800460001702000180006303700100008104000080009104000080009904000080010704100080011504100080012308400080013110000340013924500720017326000210024526000090026665000160027585600400029194200100033199900210034195200910036220260306163626.0008 260114s9999 xx 000 0 eng d a9781447350026 aEBOOK aCRL beng cCRL 2eng aeng qCRL aNeedham, Heins, Rees91129022 0aSocial Policy Review 30: Analysis And Debate In Social Policy, 2018 bThe Policy Press c2019 aSocial Work uhttps://academic.oup.com/book/35874 cEBOOK c1710852d1710852 00104070aCRLbCRLd2026-03-06l0pCL2003373r2026-03-06 16:36:26w2026-03-06yEBOOK